000 00594nam a2200181 i 4500
001 bg
003 BPK
005 20151112130406.0
008 950505s1976 pl f |000 0 pol
040 _cBPK
041 _apol
100 1 _aMłynarski, Franciszek.
245 0 _aBadania możliwości zastosowania kilkustopniowych podnośników aeracyjnych /
_cFranciszek Młynarski, Jacek Pietroń.
260 _aKraków,
_c1976.
700 1 _aPietroń, Jacek.
856 _uhttp://koha.tu.koszalin.pl/cgi-bin/koha/opac-detail.pl?biblionumber=27276
_yKatalog online BPK
942 _cKS
_2UKD
999 _c27276
_d27276